Compendio de historia universal (Record no. 164439)

MARC details
000 -LEADER
campo de control de longitud fija 00892nam a2200217 i 4500
001 - NÚMERO DE CONTROL
campo de control 164439
003 - IDENTIFICADOR DE NÚMERO DE CONTROL
campo de control ES-MaACL
005 - FECHA Y HORA DE LA ÚLTIMA TRANSACCIÓN
campo de control 20250815062611.0
008 - DATOS DE LONGITUD FIJA--INFORMACIÓN GENERAL
campo de control de longitud fija 951113m18831886sp |||| | spa d
040 ## - FUENTE DE CATALOGACIÓN
Centro catalogador/agencia de origen AS
Lengua de catalogación spa
Centro/agencia transcriptor CCPB | SIC
100 0# - ENTRADA PRINCIPAL--NOMBRE DE PERSONA
Nombre de persona Sales Ferré, Manuel.
9 (RLIN) 101880
245 10 - MENCIÓN DEL TÍTULO
Título Compendio de historia universal
Resto del título : edad prehistórica y período oriental /
Mención de responsabilidad, etc. por Manuel Sales y Ferré.
260 ## - PUBLICACIÓN, DISTRIBUCIÓN, ETC.
Lugar de publicación, distribución, etc. Madrid :
Nombre del editor, distribuidor, etc. Librería de Victoriano Suárez,
Fecha de publicación, distribución, etc. 1883-1885 (
Lugar de fabricación/manufactura Sevilla :
Fabricante Imp. de Francisco Alvarez y Cía.)
300 ## - DESCRIPCIÓN FÍSICA
Extensión 2 v. (535 p. ; 432 p.) ;
Dimensiones 22 cm.
510 4# - NOTA DE CITAS O REFERENCIAS BIBLIOGRÁFICAS
Nombre de la fuente Palau,
Localización dentro de la fuente t.XVIII, p.381
596 ## - NOTA AL PIE DE IMPRENTA
NOTA AL PIE DE IMPRENTA Fecha de cub. del t. II, 1886.
596 ## - NOTA AL PIE DE IMPRENTA
NOTA AL PIE DE IMPRENTA Pie de imp. de la segunda parte: Madrid : [s.n.], 1885 (Imp. y Fundición de Manuel Tello)
650 #7 - PUNTO DE ACCESO ADICIONAL DE MATERIA--TÉRMINO DE MATERIA
Término de materia o nombre geográfico como elemento de entrada Historia universal
Fuente del encabezamiento o término embne
9 (RLIN) 13429
852 ## - LOCALIZACIÓN
Ubicación ES-MaACL
Número de control de estantería F-7604-7605
Nota libre -- Enc. pasta española
Holdings
Estatus retirado Estado de pérdida Estado de daño No para préstamo Colección Biblioteca de origen Biblioteca actual Ubicación en estantería Fecha de adquisición Fuente de adquisición Total de préstamos Signatura topográfica completa Código de barras Visto por última vez Precio de reemplazo Tipo de ítem Koha
        Libros del s. XIX Biblioteca del Ateneo de Madrid Biblioteca del Ateneo de Madrid Sala Pecera Planta 2 17/01/2008     F-7604-7605 1172361 23/02/2023 23/02/2023 Libro impreso antiguo